[Event "Ronne Jubilaum"]
[Site "Ronne"]
[Date "2001.06.28"]
[Round "7"]
[White "Ferrung, Steffen"]
[Black "Erikstad, Olav Age"]
[Result "1/2-1/2"]
[WhiteElo "1740"]
[BlackElo "1548"]
[PlyCount "93"]
[EventDate "2001.06.24"]
[EventType "swiss"]
[EventRounds "9"]
[EventCountry "DEN"]
[SourceTitle "EXT 2023"]
[Source "ChessBase"]
[SourceDate "2022.10.05"]
[SourceVersion "1"]
[SourceVersionDate "2022.10.05"]
[SourceQuality "1"]

1. e4 c6 2. d4 d5 3. exd5 cxd5 4. c4 Nf6 5. Nc3 e6 6. Bg5 Nc6 7. Nf3 Qb6 8. Na4 Qa5+ 9. Bd2 Bb4 10. Nc3 Ne4 11. Qc2 Nxd2 12. Qxd2 Bd7 13. a3 Bxc3 14. Qxc3 Qxc3+ 15. bxc3 dxc4 16. Bxc4 Na5 17. Ba2 Rc8 18. Rc1 Bc6 19. c4 Ke7 20. 0-0 Rhd8 21. d5 exd5 22. cxd5 Ba4 23. Rfe1+ Kf6 24. g4 Rxc1 25. Rxc1 Ke7 26. Rc3 h6 27. g5 hxg5 28. Nxg5 Rd6 29. Rc7+ Bd7 30. Ne4 Rg6+ 31. Kf1 Kd8 32. Rc3 Bb5+ 33. Ke1 Rg1+ 34. Kd2 Ra1 35. Rc2 Ba4 36. Rb2 Rh1 37. Nd6 Rxh2 38. Ke2 Rh5 39. Nxb7+ Nxb7 40. Rxb7 Re5+ 41. Kf1 Re7 42. Rb4 Be8 43. d6 Re5 44. Rb8+ Kd7 45. Rb7+ Kxd6 46. Rxa7 Bb5+ 47. Kg2 1/2-1/2

[Event "Ronne Jubilaum"]
[Site "Ronne"]
[Date "2001.06.24"]
[Round "1"]
[White "Henriksen, Geir Ivar"]
[Black "Ferrung, Steffen"]
[Result "1-0"]
[WhiteElo "2209"]
[BlackElo "1740"]
[PlyCount "69"]
[EventDate "2001.06.24"]
[EventType "swiss"]
[EventRounds "9"]
[EventCountry "DEN"]
[SourceTitle "EXT 2023"]
[Source "ChessBase"]
[SourceDate "2022.10.05"]
[SourceVersion "1"]
[SourceVersionDate "2022.10.05"]
[SourceQuality "1"]

1. d4 Nf6 2. Nf3 g6 3. c4 d5 4. Nc3 Bg7 5. e3 0-0 6. cxd5 Nxd5 7. Bc4 Nxc3 8. bxc3 c5 9. 0-0 Nc6 10. Qe2 Bg4 11. Rd1 Qa5 12. Rb1 e5 13. dxe5 Nxe5 14. Bd5 Rab8 15. c4 Qc7 16. Bb2 b6 17. Bxe5 Bxe5 18. h3 Bf5 19. Rb3 Bg7 20. e4 Bd7 21. Re3 Ba4 22. Re1 a6 23. e5 Bd7 24. Ng5 h6 25. Nxf7 Rxf7 26. Bxf7+ Kxf7 27. e6+ Kg8 28. exd7 Qxd7 29. Re7 Qd4 30. Rd1 Qb2 31. Qe6+ Kh8 32. Rxg7 Kxg7 33. Rd7+ Kh8 34. Qxg6 Rg8 35. Qxh6# 1-0